Warframe - All Primary Weapons - Statistics

General Stats
  • This quiz has been taken 156 times
    94 since last reset
  • The average score is 30 of 95
Answer Stats
Weapon Type Name % Correct
Bow Paris
82%
Rifle Braton
78%
Bow Cernos
67%
Bow Dread
66%
Bow Nataruk
65%
Rifle Burston
63%
Sniper Rubico
59%
Arm Cannon Shedu
53%
Launcher Zarr
53%
Rifle Boltor
52%
Shotgun Strun
52%
Sniper Vectis
52%
Arm Cannon Bubonico
51%
Shotgun Hek
49%
Bow Kuva Bramma
49%
Launcher Penta
48%
Rifle Acceltra
47%
Shotgun Arca Plasmor
44%
Shotgun Boar
44%
Shotgun Cedo
44%
Bow Daikyu
44%
Launcher Torid
44%
Rifle Karak
43%
Launcher Tonkor
42%
Launcher Ogris
41%
Crossbow Nagantaka
39%
Crossbow Zhuge
39%
Shotgun Felarx
38%
Rifle Soma
38%
Sniper Vulkar
38%
Sniper Lanka
37%
Rifle Latron
37%
Bow Lenz
37%
Rifle Phenmor
37%
Speargun Scourge
37%
Shotgun Tigris
35%
Rifle Grakata
34%
Sniper Snipetron
34%
Rifle Amprex
32%
Speargun Afentis
30%
Bow Cinta
30%
Speargun Ferrox
30%
Rifle Ignis
30%
Shotgun Sobek
30%
Rifle Flux Rifle
29%
Shotgun Kohm
29%
Shotgun Phantasma
29%
Crossbow Attica
28%
Rifle Dera
28%
Shotgun Drakgoon
28%
Rifle Gorgon
28%
Rifle Hind
28%
Speargun Javlok
28%
Rifle Tetra
28%
Shotgun Astilla
27%
Shotgun Corinth
27%
Rifle Quanta
25%
Rifle Aeolak
24%
Rifle Fulmin
24%
Sniper Sporothrix
24%
Rifle Ambassador
23%
Rifle Sybaris
23%
Rifle Quartakk
22%
Rifle Tiberon
22%
Rifle Glaxion
20%
Rifle Trumna
20%
Rifle Basmu
19%
Rifle Tenora
19%
Rifle Veldt
19%
Rifle Hema
18%
Sniper Perigale
18%
Sniper Komorex
16%
Rifle Miter
16%
Rifle Opticor
16%
Launcher Tenet Envoy
16%
Rifle Argonak
15%
Rifle Baza
15%
Rifle Buzlok
15%
Shotgun Convectrix
15%
Rifle Simulor
15%
Rifle Zenith
15%
Rifle Alternox
14%
Shotgun Exergis
14%
Rifle Grinlok
14%
Rifle Battacor
13%
Rifle Paracyst
13%
Shotgun Phage
13%
Rifle Quellor
13%
Rifle Stahlta
13%
Rifle Supra
13%
Shotgun Rauta
11%
Rifle Stradavar
10%
Rifle Harpak
9%
Rifle Synapse
9%
Rifle Panthera
8%
No matching quizzes found
Score Distribution
Percent of People with Each Score
Percentile by Number Answered
Your Score History
You have not taken this quiz since the last reset